• 首页
  • 本馆介绍
  • 公告通知
  • 最新文献
  • 馆藏检索
  • 电子资源
  • 读者导购
  • 参考咨询
  • 我的图书馆
  • 登录
  • 详细信息显示
  • 放入我的书架
  • 预约/预借图书
  • 作者相关作品
  • 分类相关作品
  • 丛书相关作品
  • 出版社相关作品

书目信息

  • 表格格式
  • 工作单格式
  • 卡片格式
题名:
唐传奇鉴赏集
    
 
作者: ;人民文学出版社编辑部 编
分册:  
出版信息: 北京   人民文学出版社  1983
页数: 198页
开本: 21cm
丛书名: 中国古典文学鉴赏丛刊
单 册:
中图分类: I207.41 , I206
科图分类:
主题词: 传奇小说--鉴赏--中国--唐代
电子资源:
ISBN:
000 00787oam2 2200265 450
001 1557029855
005 20150124155102.84
010    @dCNY0.60
091    @a10019.3387
100    @a19950123d1983 emky0chiy0110 ea
101 0  @achi
102    @aCN@b110000
105    @ay z 000zy
200 1  @a唐传奇鉴赏集@9tang chuan ji jian shang ji@f人民文学出版社编辑部编
210    @a北京@c人民文学出版社@d1983
215    @a198页@d21cm
225 2  @a中国古典文学鉴赏丛刊
330    @a本书是欣赏唐人小说的专集,共十二篇
461  0 @12001 @a中国古典文学鉴赏丛刊
606 0  @a传奇小说@x鉴赏@y中国@z唐代
690    @aI207.41@v5
690    @aI206@v4
711 02 @a人民文学出版社编辑部@9ren min wen xue chu ban she bian ji bu@4编
801  0 @aCN@bTSSF@c20150124
905    @aZUCC@dI206@eJY73
    
    唐传奇鉴赏集/人民文学出版社编辑部编.-北京:人民文学出版社,1983
    198页;21cm.-(中国古典文学鉴赏丛刊)
    
    
    ISBN :CNY0.60
    本书是欣赏唐人小说的专集,共十二篇
●
相关链接 在E读中查询图书 在五车中查询图书 在当当中查询图书 在豆瓣中查询图书


正题名:唐传奇鉴赏集     索取号:I206/JY73         预约/预借

序号 登录号 条形码 馆藏地/架位号 状态 备注
1 7842417   278424171   学院路分馆/ [索取号:I206/JY73] 在馆    
2 7842418   278424180   学院路分馆/ [索取号:I206/JY73] 在馆    
唐山师范学院图书馆 欢迎您!
大连网信软件有限公司© 版权所有